00824nam a2200217 a 450000100100000000500170001000800410002704000250006808200280009310000350012124500740015625000240023026000500025430000280030459000260033265000270035865000360038591000420042195201260046399900170058900002179620200930011443.0100913s1979 dr a r 000 0 spa d aDO-SdBNPbspacBNPHU a641.597293bG643c, 19791 aGonzález, Guillermina94527610aCocina dominicana y platos internacionales /cGuillermina González. a2a ed. corr, y aum. aSanto Domingo :bEducativa dominicana,c1979. a280 p. :bil. ;c22 cm. aInventariado, 2018/BT 4aCocina dominicana9192 4aPreparación de alimentos9193 aValidado. Control de calidad. MMOLINA 0010718PDaPDbPDcHDd2010-09-13iLF1l0o641.597293 G643c, 1979p21796-10r2020-06-25w2020-06-25yLFPDZNo se presta c21294d21294